| 000 | 00573nam a22001937a 4500 | ||
|---|---|---|---|
| 003 | OSt | ||
| 005 | 20140310182950.0 | ||
| 008 | 130206t xxu||||| |||| 00| 0 eng d | ||
| 020 | _a9710858828 | ||
| 050 |
_aLA 1298 _b.El55 1995 |
||
| 100 | _aElevazo, Aurelio O. | ||
| 245 |
_aPhilosophy of Philippine education / _cAurelio O. Elevazo and Rosita A. Elevazo. |
||
| 260 |
_aManila _bNational Book Store _cc1995 |
||
| 300 |
_a178 p. : _c22 cm. |
||
| 650 |
_aEducation _xPhilosophy _xPhilippines. |
||
| 700 | _aElevazo, Rosita A. | ||
| 942 |
_2lcc _cBK _kLOC |
||
| 999 |
_c17883 _d17883 |
||